El debido proceso penal: un estudio desde el prisma de la dogmática procesal penal y la jurisprudencia de la Corte Interamericana de Derechos Humanos
Gorde:
| Egile nagusia: | |
|---|---|
| Formatua: | Liburua |
| Hizkuntza: | gaztelania |
| Argitaratua: |
Santiago
Ediciones Jurídicas de Santiago
2009
|
| Edizioa: | 1a. ed |
| Gaiak: | |
| Etiketak: |
Etiketa erantsi
Etiketarik gabe, Izan zaitez lehena erregistro honi etiketa jartzen!
|
MARC
| LEADER | 00000nam a2200000 a 4500 | ||
|---|---|---|---|
| 001 | UCH5790 | ||
| 003 | CL-VaPUC | ||
| 008 | 091029e20090000CL |||||||||||||||||spa|d | ||
| 020 | |a 9789568285364 | ||
| 082 | 0 | 4 | |a 341.77 |b TOR |2 21 |
| 100 | 0 | |a Toro Justiniano, Constanza María Fernanda |e author |9 542115 | |
| 245 | 1 | 3 | |a El debido proceso penal: un estudio desde el prisma de la dogmática procesal penal y la jurisprudencia de la Corte Interamericana de Derechos Humanos |
| 250 | |a 1a. ed | ||
| 300 | |a 164 p | ||
| 942 | |c BK | ||
| 945 | |d 20091029 00:00:00 |a rbrito | ||
| 260 | |a Santiago |b Ediciones Jurídicas de Santiago |c 2009 | ||
| 600 | 0 | 7 | |a CORTE INTERAMERICANA DE DERECHOS HUMANOS |2 CL-VaPUC |9 542116 |
| 650 | 0 | |a Derecho penal internacional |9 371889 | |
| 650 | 0 | |a Derecho procesal penal |9 255496 | |
| 650 | 0 | |a Debido proceso |9 520518 | |
| 650 | 0 | |a Derecho comparado |9 255664 | |
| 650 | 0 | |a Jurisprudencia |9 255952 | |
| 583 | |a last modification |c 20091029 00:00:00 |k Rodrigo Vera | ||
| 999 | |c 336837 |d 336835 | ||
| 952 | |0 0 |1 0 |4 0 |6 341_770000000000000_TOR_2009 |7 0 |8 A |9 428820 |a BIBDER |b BIBDER |d 2019-11-22 |i 4612604 |l 1 |m 4 |o 341.77 TOR 2009 |p 4612604 |q 2025-12-31 |r 2020-03-16 |s 2020-03-16 |w 2019-11-22 |y BK |k DER | ||